Score 0/9 Timer 04:00
0 Plays Today
First Name Last Name % Correct
MalcolmReynolds
98.8%
SimonTam
98.8%
RiverTam
98.8%
DerrialBook
93.9%
JayneCobb
89.9%
ZoeWashburne
87.7%
HobanWashburne
87.7%
InaraSerra
82.1%
KayleeFrye
75%
Remove Ads.
Support Sporcle.
Get the best of Sporcle when you Go Orange. This ad-free experience offers more features, more stats, and more fun while also helping to support Sporcle. Thank you for becoming a member.

You're not logged in!

Compare scores with friends on all Sporcle quizzes.
OR
Log In

Show Comments

Extras

Top Quizzes Today


Score Distribution

Your Account Isn't Verified!

In order to create a playlist on Sporcle, you need to verify the email address you used during registration. Go to your Sporcle Settings to finish the process.

Report this User

Report this user for behavior that violates our Community Guidelines.

Details: